| 000 | 00485nam a22001697a 4500 | ||
|---|---|---|---|
| 008 | 230504b |||||||| |||| 00| 0 eng d | ||
| 040 |
_aNational Science Library _cNational Science Library |
||
| 080 |
_a539.2:519.22 _bN0 |
||
| 100 | _a | ||
| 245 | _aAdvances in statistical physics of solids and liquids | ||
| 260 |
_aNew Delhi: _bWiley Eastern Limited, _c1990 |
||
| 300 | _a422p. | ||
| 650 | _aScience | ||
| 653 | _aChemistry | ||
| 710 | _aPrakash, S (Ed.) | ||
| 942 |
_2udc _cBK |
||
| 999 |
_c27124 _d27124 |
||